000 00619cam a2200229 a 4500
001 4314617
005 20180201050916.0
008 871015s1988 dcua b 101 0 eng c
010 _a 87030833
020 _a0914826999
040 _aDNLM/DLC
_cDLC
_dDLC
041 _aeng
060 _aQW 730 V821 1987
080 _a616.014 JAM
082 0 0 _a616.014 JAM
_219
100 _a9
101 _aPAT
245 0 0 _aVirulence mechanisms of bacterial pathogens /
_cJames A. Roth, editor.
504 _aIncludes bibliographies and index.
906 _a7
_bcbc
_corignew
_d1
_eocip
_f19
_gy-gencatlg
942 _2ddc
_cBK
999 _c41502
_d41502